000 00988cas a22003011 4500
999 _c331691
_d331691
001 11161207
003 NUST
005 20171013120838.0
008 741224u19uuuuuuii ar s0 0eng
010 _asa 68018971
022 _a0449-5594
025 _aPL480:I-E-E-2000
035 _a(OCoLC)ocm01800416
040 _aDLC
_beng
_cDLC
_dOCoLC
_dDLC
_dOCoLC
_dOCLCO
_dOCoLC
042 _apcc
043 _aa-ii---
050 0 0 _aDS485.K2
_bJ26
082 _a954.913
_bJAM
245 0 0 _aJammu & Kashmir.
260 _aSrinagar,
_bDept. of Information, Jammu & Kashmir Govt.
_c2004
300 _bill.
_c26 cm.
_a56 p.
590 _aSERBIB/SERLOC merged record
651 0 _aJammu and Kashmir (India)
_95454
710 1 _aJammu and Kashmir (India).
_95454
906 _a7
_bcbc
_cserials
_du
_encip
_f19
_gn-oclcserc
942 _2ddc
_cBK